000 01670nam0a2200325 4500
001 RU\NLR\bibl\884225
005 20260408184555.0
010 _a5-88200-812-0
_9300
021 _aRU
_b2005-72639
_93575
035 _a(NLR Aleph) 000872774
090 _a1609953
_c1609953
100 _a20051206d2005 |||y0rusy50 ca
101 0 _arus
102 _aRU
105 _aa |||||||||
200 1 _aРуководство по разработке фрагментов урока с использованием учебного физического эксперимента
_eучебное пособие для студентов высших учебных заведений, обучающихся по специальности 032200 - физика
_fС.В. Анофрикова, Л.А. Прояненкова
_gФедер. агентство по образованию, Астрах. гос. ун-т
210 _aАстрахань
_cАстраханский университет
_d2005
215 _a78 с.
_cил.
_d21
320 _aБиблиогр. в тексте
606 _aФизический эксперимент школьный
_jУчебные издания для высших учебных заведений
_3RU\NLR\auth\661138831
_91868152
686 _aЧ426.51-253.1
686 _aЧ486.51-253.1
700 1 _aАнофрикова
_bС. В.
_gСветлана Вениаминовна
_4070
701 1 _aПрояненкова
_bЛ. А.
_gЛидия Алексеевна
_4070
801 0 _aRU
_bNLR
_c20051206
_grcr
801 1 _aRU
_bNLR
_c20051206
830 _aАвт. по кн.
942 _cBOOK
980 _aNB